02103nam a22001577a 4500999001900000008004100019100006500060245014300125260002200268300003200290520145600322773002101778906003201799942000701831952010701838 c514931d514931210102b ||||| |||| 00| 0 eng d aRosenzueig, S.T., Carolan, M.S. and Schipanshi, M.E. 922036 aA dryland cropping revolution? linking an emerging soil health paradigm with shifting social fields among wheat growers of the high plains aRural Sociology  a85(2), Jun, 2020: p.545-574 aOnce reliant on year‐long periods of unvegetated fallow, dryland farmers are reaping environmental and economic benefits by replacing fallow with a crop, a practice called cropping system intensification. However, in the U.S. High Plains, transitions to intensified cropping systems have been slow relative to other regions, and cropping systems have stratified into varying degrees of intensity. Prior attempts to explain the wave of cropping system intensification have largely focused on simple economic rationales, and thus we lack a critical understanding of the social dynamics underlying the revolution in semi‐arid cropping systems. We examined the motivations, perceptions, and social interactions of dryland farmers that practice different levels of cropping system intensity in Colorado and Nebraska. Building on Carolan's application of Bourdieusian social fields to agriculture, we identify overlapping fields expressed among interviewees. While these fields are reflected in farms' different degrees of intensification, they can be used to help identify and locate farmers associated with the emerging soil health (or regenerative agriculture) movement. The paper concludes by identifying strategies for change, some which would serve to reshape social fields, and others which leverage existing social positions and relationships to enable farmers to overcome the barriers constraining cropping system intensification. - Reproduced  aRural Sociology  aDRY FARMING - UNITED STATES cAR 00102ddc40709388944aIIPAbIIPAd2021-01-02h85(2), Jun, 2020: p.545-574pAR123800r2021-01-02yAR